Statistics for Countries Bordering Poland

Click here to take the quiz!

General Stats

  • This quiz has been taken 29 times
  • The average score is 7 of 7

Answer Stats

HintAnswer% Correct
472kmGermany
96%
232kmRussia
96%
514kmSlovakia
96%
418kmBelarus
92%
796kmCzech Republic
92%
104kmLithuania
92%
535kmUkraine
88%

Score Distribution

Percentile by Number Answered

Percent of People with Each Score

Your Score History

You have not taken this quiz